• 首页
  • 本馆介绍
  • 公告通知
  • 最新文献
  • 馆藏检索
  • 电子资源
  • 读者荐购
  • 参考咨询
  • CALIS
  • 我的图书馆
  • 登录
  • 详细信息显示
  • 放入我的书架
  • 预约/预借图书
  • 作者相关作品
  • 分类相关作品
  • 丛书相关作品
  • 出版社相关作品

书目信息

  • 表格格式
  • 工作单格式
  • 卡片格式
题名:
问人性:中西方文化的历史命运 上
    
 
作者: 黎鸣 著
分册:  
出版信息: 北京    1998.09
页数: 431页
开本: 32开
丛书名:
单 册:
中图分类: B82
科图分类:
主题词: 伦理学
电子资源:
ISBN: 7-80130-059-9
 
 
 
 
 
000 00563nam0 2200193 45
001 0010220978
005 20001022100002.5
010    @a7-80130-059-9@d19.90元
100    @a20001022d1998 km y0chiy0120 ea
101 0  @achi
105    @a z 000yy
200 1  @a问人性:中西方文化的历史命运 上@AWen Ren Xing:Zhong Xi Fang Wen Hua De Li Shi Ming Yun Shang@f黎鸣 著@FLi Ming Zhu
210    @a北京@d1998.09
215    @a431页@d32开
606 0  @a伦理学
690    @aB82@v3
701  0 @a黎鸣@4著
801    @aCN@bPftUser@c20001022
905    @b181461-463@dB82@eL.532:1@f3
    
    问人性:中西方文化的历史命运 上/黎鸣 著.-北京,1998.09
    431页;32开
    
    
    ISBN 7-80130-059-9:19.90元
    
●
相关链接 在E读中查询图书 在当当中查询图书 在豆瓣中查询图书


正题名:问人性:中西方文化的历史命运上     索取号:B82/L.532:1         预约/预借

序号 登录号 条形码 馆藏地/架位号 状态 备注
1 181461   201814616   社科库509/509社科库 20排4列4层/ [索取号:B82/L.532:1] 在馆    
2 181462   201814625   社科库509/509社科库 20排4列4层/ [索取号:B82/L.532:1] 在馆    
3 181463   201814634   社科库509/422社科库 45排1列4层/ [索取号:B82/L.532:1] 在馆    
河南城建学院图书馆 欢迎您!
大连网信软件有限公司© 版权所有